Kentucky Football Opponents Since 2000 - Statistics

General Stats
  • This quiz has been taken 30 times
    3 since last reset
  • The average score is 43 of 59
Answer Stats
Times Played Answer % Correct
2 Akron
100%
8 Alabama
100%
6 Arkansas
100%
8 Auburn
100%
3 Central Michigan
100%
3 Clemson
100%
5 Eastern Kentucky
100%
3 Eastern Michigan
100%
26 Florida
100%
1 Florida St.
100%
26 Georgia
100%
6 Indiana
100%
2 Iowa
100%
25 Louisville
100%
3 Miami (OH)
100%
11 Mississippi
100%
24 Mississippi St.
100%
12 Missouri
100%
3 Murray St.
100%
1 North Carolina St.
100%
1 Northwestern
100%
1 Penn St.
100%
1 Pittsburgh
100%
26 South Carolina
100%
26 Tennessee
100%
1 Tennessee Tech
100%
2 Texas
100%
1 Texas A&M
100%
2 Toledo
100%
26 Vanderbilt
100%
1 Virginia Tech
100%
5 Western Kentucky
100%
1 Youngstown St.
100%
1 Austin Peay
67%
1 Charlotte
67%
1 Chattanooga
67%
1 East Carolina
67%
1 Georgia Tech
67%
2 Kent St.
67%
8 Louisiana St.
67%
4 Ohio
67%
3 Southern Miss
67%
1 Texas St.
67%
2 UT Martin
67%
2 Ball St.
33%
1 Florida Atlantic
33%
1 Jacksonville St.
33%
1 Louisiana-Lafayette
33%
4 Louisiana-Monroe
33%
2 New Mexico St.
33%
1 Northern Illinois
33%
1 South Florida
33%
1 UTEP
33%
1 Alabama St.
0%
1 Charleston Southern
0%
1 Idaho St.
0%
3 Middle Tennessee St.
0%
1 Norfolk St.
0%
1 Samford
0%
No matching quizzes found
Score Distribution
Percent of People with Each Score
Percentile by Number Answered
Your Score History
You have not taken this quiz since the last reset